000
00269nam a2200097Ia 4500
082
_a
TSO 896.39 KHOS
245
0
_a
Obesity and the media
100
_a
O'CONNOR, Frances New York, 2009 1st ed
_9
81700
942
_c
BK
008
210817s9999 xx 000 0 und d
999
_c
292367
_d
292366